Flags A-Z #2 - Statistics

General Stats
  • This quiz has been taken 33 times
  • The average score is 19 of 25
Answer Stats
Picture Hint Answer % Correct
C Canada
97%
E Egypt
97%
L Lebanon
97%
A Algeria
93%
J Jordan
93%
K Kazakhstan
93%
D Democratic Republic of the Congo
90%
I (dubious C) Ivory Coast
90%
P Philippines
90%
H Hungary
86%
Q Qatar
86%
W Wales
86%
G Greenland
79%
O Ohio
79%
Z Zambia
79%
U Union of Soviet Socialist Republics
76%
V Vanuatu
72%
Y Yugoslavia
72%
F Falkland Islands
62%
B Bavaria
59%
N Northern Cyprus
52%
T Tennessee
52%
M Massachusetts
45%
S South Vietnam
38%
R Republika Srpska
17%
No matching quizzes found
Score Distribution
Percent of People with Each Score
Percentile by Number Answered
Your Score History
You have not taken this quiz